| 000 | 06176nam a22005537a 4500 | ||
|---|---|---|---|
| 005 | 20120509151214.0 | ||
| 010 | _aB-458194-8223 | ||
| 020 |
_a8189915657 _c880.00 |
||
| 035 | _aB-458194-8223 | ||
| 037 |
_adpl _bK.K.Pub/Ven |
||
| 082 | _a342.540662 | ||
| 100 |
_aJain, N.K. _947119 |
||
| 245 |
_aRight to information: _bConcept law practice with position in other countries and case studies / _cby Jain N.K. |
||
| 260 |
_aNew Delhi _bRegal Pub _c2010 |
||
| 270 |
_aF-159 Rajouri Garden _bNew Delhi _e110027 |
||
| 300 |
_aXi,329p _c21cm(Hb) |
||
| 942 |
_2ddc _cEN _mJAI _h342.540662 |
||
| 999 |
_c66379 _d66379 |
||